| 000 | 00667nam a2200229 a 4500 | ||
|---|---|---|---|
| 001 | BRCA_7537 | ||
| 005 | 20190320205858.0 | ||
| 008 | 240513s1946----fr-a######---#000-0#fre-# | ||
| 041 | _afre | ||
| 044 | _afr | ||
| 050 | 4 |
_aND813.V4 _b.F37 1946 |
|
| 100 | 1 |
_aFargue, Leon-Paul _d1878-1947 _918583 |
|
| 245 | 1 | 0 |
_aVelasquez _ctexte de Leon-Paul Fargue. |
| 260 |
_aParís _bDivan Dimanche _c1946 |
||
| 300 |
_a1 v. (sin paginación) _bil., 47 láminas _c31 cm. |
||
| 500 | _aS6 | ||
| 600 | 1 | 4 |
_aVelázquez, Diego Rodríguez de Silva y _d1599-1660 _92552 |
| 650 | 1 | 4 |
_aPintores españoles _97620 |
| 650 | 1 | 4 |
_aPinturas españolas _97789 |
| 902 | _aGFM | ||
| 942 |
_2lcc _cB |
||
| 999 |
_c7211 _d7211 |
||